书目信息 |
| 题名: |
世界最有魅力101个游览胜地
|
|
| 作者: | ;万象文画编写组 编 | |
| 分册: | ||
| 出版信息: | 呼和浩特 内蒙古人民出版社 2010.04 |
|
| 页数: | 170页 | |
| 开本: | 24cm | |
| 丛书名: | 万象文画 | |
| 单 册: | ||
| 中图分类: | K917 | |
| 科图分类: | ||
| 主题词: | 名胜古迹--Ming Sheng Gu Ji--简介--世界 | |
| 电子资源: | ||
| ISBN: | 978-7-204-09810-1 | |
| 000 | 00957nam 2200265 450 | |
| 001 | CAL 012009088984 | |
| 005 | 20111229093826.85 | |
| 010 | @a978-7-204-09810-1@dCNY21.80 | |
| 100 | @a20090617d2010 em y0chiy50 ea | |
| 101 | 0 | @achi |
| 102 | @aCN@b150000 | |
| 105 | @aa z 000yy | |
| 200 | 1 | @a世界最有魅力101个游览胜地@AShi Jie Zui You Mei Li 101 Ge You Lan Sheng Di@f万象文画编写组编 |
| 205 | @a第2版 | |
| 210 | @a呼和浩特@c内蒙古人民出版社@d2010.04 | |
| 215 | @a170页@c彩图@d24cm | |
| 225 | 2 | @a万象文画@AWan Xiang Wen Hua@i天下地理传奇 |
| 330 | @a本书介绍了大地的脊梁、地球的生息、云天的镜子、高山的领带、探险的乐园、别有洞天、疯狂的石头、情天无怨、自然的地图等内容。 | |
| 410 | 0 | @12001 @a万象文画 |
| 410 | 0 | @12001 @a天下地理传奇 |
| 606 | 0 | @a名胜古迹@AMing Sheng Gu Ji@x简介@y世界 |
| 690 | @aK917@v4 | |
| 711 | 02 | @a万象文画编写组@AWan Xiang Wen Hua Bian Xie Zu@4编 |
| 801 | 0 | @aCN@bHPUL@c20111229 |
| 905 | @aZUCC@dK917@eW0431=2@f3 | |
| 世界最有魅力101个游览胜地/万象文画编写组编.-第2版.-呼和浩特:内蒙古人民出版社,2010.04 |
| 170页:彩图;24cm.-(万象文画.天下地理传奇) |
| ISBN 978-7-204-09810-1:CNY21.80 |
| 本书介绍了大地的脊梁、地球的生息、云天的镜子、高山的领带、探险的乐园、别有洞天、疯狂的石头、情天无怨、自然的地图等内容。 |
| ● |
| 相关链接 |
|
|
|
正题名:世界最有魅力101个游览胜地
索取号:K917/W0431=2
 
预约/预借
| 序号 | 登录号 | 条形码 | 馆藏地/架位号 | 状态 | 备注 |
| 1 | 1186003 | 211860039 | 社科库309/309社科库 12排4列2层/ [索取号:K917/W0431=2] | 在馆 | |
| 2 | 1186004 | 211860048 | 社科库309/309社科库 12排4列2层/ [索取号:K917/W0431=2] | 在馆 | |
| 3 | 1186005 | 211860057 | 社科库309/309社科库 12排4列2层/ [索取号:K917/W0431=2] | 在馆 |